000
00268nmm a2200085Ia 4500
008
220120s9999||||xx |||||||||||||||||und||
100
_a
Open source for you
245
0
_a
Firewalls; PF sense vyos, q4 os2.7, 3 ac Box 5.2
260
_a
Coorg Institute of Technology
_b
Australia
999
_c
140094
_d
140094